| 000 | 00785nam a22002657a 4500 | ||
|---|---|---|---|
| 001 | 10119 | ||
| 003 | FISKH | ||
| 005 | 20260421144611.0 | ||
| 008 | 260421b cb ||||| |||| 00| 0 eng d | ||
| 040 |
_aFISKH _beng _cFISKH _dFISKH |
||
| 050 | _aQH541.14 .E84 | ||
| 082 | _a574.5 | ||
| 100 |
_aEthelberg, J. _eAuthor |
||
| 245 |
_aFood chains : _bNature in close-up / _cJan Ethelberg |
||
| 260 |
_aLondon : _bAdam & Charles Black , _c1976 |
||
| 300 |
_a40 pages : _bphotographs ; _c22 cm |
||
| 490 | _aNature in close-up : | ||
| 505 | _aJ | ||
| 520 | _aA description of the way a food chain works, with examples from nature. | ||
| 521 | 8 |
_a500
_bLexile estimate |
|
| 521 | 8 |
_aJ
_bRaz-Plus |
|
| 650 |
_aNon-fiction _vNature |
||
| 942 |
_2ddc _cBK _n0 |
||
| 999 |
_c10119 _d10119 |
||